The class trip from the black lagoon / (Record no. 2045)

MARC details
000 -LEADER
fixed length control field 00936cam a22003133a 4500
005 - DATE AND TIME OF LATEST TRANSACTION
control field 20250409112419.0
020 ## - INTERNATIONAL STANDARD BOOK NUMBER
International Standard Book Number 9780439429277
020 ## - INTERNATIONAL STANDARD BOOK NUMBER
International Standard Book Number 9780439429276
040 ## - CATALOGING SOURCE
Original cataloging agency IEU
Transcribing agency IEU
Modifying agency DLC
Language of cataloging eng
050 00 - LIBRARY OF CONGRESS CALL NUMBER
Classification number PZ7.T3
082 ## - DEWEY DECIMAL CLASSIFICATION NUMBER
Classification number 813.6
100 1# - MAIN ENTRY--PERSONAL NAME
Personal name Thaler, Mike
Dates associated with a name 1936-
245 14 - TITLE STATEMENT
Title The class trip from the black lagoon /
Statement of responsibility, etc. by Mike Thaler illustrated by Jared Lee.
260 ## - PUBLICATION, DISTRIBUTION, ETC.
Place of publication, distribution, etc. New York :
Name of publisher, distributor, etc. Scholastic,
Date of publication, distribution, etc. 2002
300 ## - PHYSICAL DESCRIPTION
Extent 64 pages :
Dimensions 19 cm
490 0# - SERIES STATEMENT
Series statement Black lagoon adventures
Volume/sequential designation 1
500 ## - GENERAL NOTE
General note Includes one leaf of colored stickers.
505 ## - FORMATTED CONTENTS NOTE
Formatted contents note N
520 ## - SUMMARY, ETC.
Summary, etc. A young boy's imagined school trip makes the real trip look mundane.
521 0# - TARGET AUDIENCE NOTE
Target audience note 660
Source Lexile
521 1# - TARGET AUDIENCE NOTE
Target audience note N
Source Raz-Plus
650 #0 - SUBJECT ADDED ENTRY--TOPICAL TERM
Topical term or geographic name entry element Fear
650 #0 - SUBJECT ADDED ENTRY--TOPICAL TERM
Topical term or geographic name entry element Schools
650 #0 - SUBJECT ADDED ENTRY--TOPICAL TERM
Topical term or geographic name entry element School field trips
Form subdivision Juvenile Fiction
700 ## - ADDED ENTRY--PERSONAL NAME
Personal name Lee. Jared
Titles and other words associated with a name Illustrator
906 ## - LOCAL DATA ELEMENT F, LDF (RLIN)
a 7
b cbc
c copycat
d 2
e ncip
f 20
g y-genrareb
942 ## - ADDED ENTRY ELEMENTS (KOHA)
Source of classification or shelving scheme Dewey Decimal Classification
Koha item type Books
Suppress in OPAC No
999 ## -
-- 2045
-- 2045
Holdings
Withdrawn status Lost status Source of classification or shelving scheme Damaged status Not for loan Collection Home library Current library Shelving location Date acquired Total Checkouts Full call number Barcode Date last seen Price effective from Koha item type Date last checked out Copy number
    Dewey Decimal Classification     Juvenile Fiction Footprints International School Library Network Toul Kork Campus Footprints International School Library Network Toul Kork Campus TK Primary Library Room(4th Floor), Bookcase 5&6, Shelves 33-56, Orange Books 11/02/2023   THA 813.6 PZ7.T3 FISTK00213 11/02/2023 11/02/2023 Books    
    Dewey Decimal Classification     Juvenile Fiction Footprints International School Library Network Toul Tom Poung Campus Footprints International School Library Network Toul Kork Campus TTP Primary Orange Bookshelves 03/31/2025 1 THA 813.6 PZ7.T3 2025-0899 03/13/2026 03/31/2025 Books 02/06/2026 2
    Dewey Decimal Classification     Juvenile Fiction Footprints International School Library Network Toul Tom Poung Campus Footprints International School Library Network Toul Tom Poung Campus TTP Primary Orange Bookshelves 04/09/2025   THA 813.6 PZ7.T3 2025-1018 04/09/2025 04/09/2025 Books   3